[Event "Kuressaare 2001"]
[Site "?"]
[Date "2001.??.??"]
[Round "?"]
[White "Kuelaots, Kaido"]
[Black "Keskel, Marko"]
[Result "1-0"]
[WhiteElo "2532"]
[BlackElo "2131"]
[PlyCount "57"]

1. d4 Nf6 2. c4 e6 3. Nc3 d5 4. Nf3 Be7 5. Bg5 O-O 6. e3 Nbd7 7. Rc1 b6 8. cxd5
exd5 9. Qa4 Bb7 10. Ba6 Bxa6 11. Qxa6 c5 12. O-O Re8 13. Rfd1 c4 14. Ne5 h6 15.
Bh4 Nf8 16. Bxf6 Bxf6 17. Nc6 Qd7 18. Nb4 Qg4 19. Nbxd5 Ng6 20. Qxc4 Nh4 21.
Qf1 Rad8 22. f3 Qh5 23. e4 Rd6 24. Ne2 Rxd5 25. exd5 Qxd5 26. Nc3 Bxd4+ 27. Kh1
Qh5 28. Rxd4 Nf5 29. Rg4 1-0

[Event "Kuressaare 2001"]
[Site "?"]
[Date "2001.??.??"]
[Round "?"]
[White "Kuusk, Indrek"]
[Black "Sepp, Olav"]
[Result "0-1"]
[WhiteElo "2126"]
[BlackElo "2445"]
[PlyCount "84"]

1. d4 Nf6 2. c4 g6 3. Nc3 Bg7 4. e4 d6 5. Nf3 O-O 6. Be2 e5 7. O-O Na6 8. Re1
Qe8 9. Bf1 Bg4 10. d5 Nb4 11. Qb3 a5 12. Be3 Bxf3 13. gxf3 b6 14. Bh3 Nh5 15.
Nb5 Qe7 16. Bg4 Nf4 17. Bxf4 exf4 18. a3 Na6 19. Qc2 Nc5 20. Bh3 a4 21. Rad1
Be5 22. Kh1 Kh8 23. Rg1 h5 24. Qe2 Rae8 25. Qc2 Rg8 26. Qe2 Rg7 27. Rd2 Reg8
28. Qf1 Nb3 29. Rc2 Qh4 30. Bd7 f5 31. Be6 fxe4 32. Bxg8 Kxg8 33. Qe2 exf3 34.
Qxf3 g5 35. Re2 g4 36. Qd3 Qf6 37. Rge1 Nc5 38. Qc2 f3 39. Re3 h4 40. Nc3 g3
41. Qd1 gxf2 42. Rf1 Rg2 0-1

[Event "Kuressaare 2001"]
[Site "?"]
[Date "2001.??.??"]
[Round "?"]
[White "Lauk, Uelar"]
[Black "Kuusk, Andres"]
[Result "1/2-1/2"]
[WhiteElo "2381"]
[BlackElo "2103"]
[PlyCount "85"]

1. e4 e5 2. Nf3 Nc6 3. Bb5 a6 4. Ba4 Nf6 5. O-O Be7 6. Re1 b5 7. Bb3 d6 8. c3
Na5 9. Bc2 c5 10. d4 Qc7 11. Nbd2 O-O 12. dxe5 dxe5 13. Nf1 h6 14. Ne3 Bd6 15.
Nh4 g6 16. a4 Bd7 17. axb5 axb5 18. Qf3 Be7 19. Rd1 Kg7 20. Rxd7 (20. Qg3 Kh7
21. Nd5 Nxd5 22. exd5) 20... Qxd7 21. Nef5+ gxf5 22. Nxf5+ (22. Bxh6+ Kh8 23.
Bxf8 Bxf8 24. Nxf5) 22... Kh8 23. Bxh6 Rg8 24. b4 cxb4 25. cxb4 Bxb4 26. Bb3
Rg6 27. Rd1 Qb7 28. Qh3 Kg8 29. Bg7 Rxg7 30. Nxg7 Qxe4 31. Nf5 Nxb3 32. Qg3+
Ng4 33. Nh6+ Kf8 34. Nxg4 Nd4 35. Qh3 Ra6 36. Nxe5 Re6 37. Nd3 Ne2+ 38. Kf1 Nf4
39. Qh8+ Ke7 40. Qh4+ Ke8 (40... f6) 41. Qh8+ Ke7 42. Qh4+ Ke8 43. Qh8+ 1/2-1/2

[Event "Kuressaare 2001"]
[Site "?"]
[Date "2001.??.??"]
[Round "?"]
[White "Kaerner, Hillar"]
[Black "Kilumets, Rain"]
[Result "1-0"]
[WhiteElo "2295"]
[BlackElo "2050"]
[PlyCount "87"]

1. e4 g6 2. d4 Bg7 3. Nc3 d6 4. Nf3 Nf6 5. Be2 O-O 6. O-O c6 7. a4 a5 8. Nd2
Nfd7 9. Nc4 Nb6 10. Be3 N8d7 11. Nxb6 Qxb6 12. Qd2 Qd8 13. f4 Nf6 14. h3 e6 15.
e5 Ne8 16. Ne4 d5 17. Ng5 Nc7 18. b3 b6 19. Bf2 Ba6 20. c4 Qd7 21. Nf3 Rfd8 22.
Bh4 Rdc8 23. Rfd1 Rab8 24. Bf6 Ne8 25. Bxg7 Nxg7 26. cxd5 Bxe2 27. dxc6 Rxc6
28. Qxe2 Qd5 29. Rac1 Rbc8 30. Rxc6 Rxc6 31. Qd3 Nh5 32. Qe3 Rc2 33. Nd2 Qc6
34. Ne4 Kf8 35. g4 Ng3 36. d5 Ne2+ 37. Qxe2 exd5 38. Qd3 dxe4 39. Qd8+ Kg7 40.
g5 Rc1 41. Qf6+ Kf8 42. Qh8+ Ke7 43. Qd8+ Ke6 44. Qf6# 1-0

[Event "Kuressaare 2001"]
[Site "?"]
[Date "2001.??.??"]
[Round "?"]
[White "Vaerk, Priit"]
[Black "Mueuetnik, Valdo"]
[Result "0-1"]
[WhiteElo "2044"]
[BlackElo "2219"]
[PlyCount "129"]

1. e4 d6 2. d4 c6 3. f4 e6 4. Nf3 g6 5. Bd3 Ne7 6. c3 Bg7 7. Be3 Qa5 8. Nbd2
O-O 9. O-O Qc7 10. Rc1 b6 11. e5 Nd5 12. Qe2 Bh6 13. g3 dxe5 14. dxe5 Nxe3 15.
Qxe3 Nd7 16. Ne4 Bb7 17. Nd6 Nxe5 18. Nxb7 Nxd3 19. Qxd3 Qxb7 20. Rcd1 c5 21.
Qd7 Qa6 22. a3 Bg7 23. Rd2 Bf6 24. Rfd1 Rac8 25. Ne5 Rcd8 26. Qc6 Rxd2 27. Rxd2
Bxe5 28. fxe5 h5 29. Kf2 Kg7 30. Qf3 Kg8 31. g4 hxg4 32. Qxg4 Qb7 33. Qf3 Qc7
34. Qf6 Re8 35. Rd3 Qe7 36. Qf4 Kg7 37. Rh3 Rh8 38. Rxh8 Kxh8 39. h4 Kg7 40.
Qg5 f6 41. Qg3 fxe5 42. Ke2 Qf6 43. h5 g5 44. Qd3 Kh6 45. Qd7 e4 46. Qc6 Qf3+
47. Ke1 Kxh5 48. Qxe6 e3 49. Qe8+ Kh4 50. Qh8+ Kg3 51. Qe5+ Qf4 52. Qd5 Qf2+
53. Kd1 e2+ 54. Kc2 e1=R+ 55. Kb3 Qf4 56. Qd3+ Re3 57. Qd1 Qf7+ 58. Kc2 Kg2 59.
Qg4+ Rg3 60. Qa4 Qf3 61. Qc4 Rg4 62. Qg8 c4 63. a4 Qd3+ 64. Kc1 Kf2 65. Qf7+
0-1

[Event "Kuressaare 2001"]
[Site "?"]
[Date "2001.??.??"]
[Round "?"]
[White "Moelderkivi, Rain"]
[Black "Kanep, Meelis"]
[Result "1/2-1/2"]
[WhiteElo "2084"]
[BlackElo "2355"]
[PlyCount "80"]

1. e4 c5 2. c4 Nc6 3. g3 g6 4. Bg2 Bg7 5. Ne2 e6 6. O-O Nge7 7. Nbc3 O-O 8. d3
Nd4 9. Bg5 h6 10. Bxe7 Qxe7 11. Nxd4 cxd4 12. Ne2 Rb8 13. Qb3 b6 14. Rab1 Bb7
15. Qa3 Qxa3 16. bxa3 d6 17. f4 f5 18. exf5 gxf5 19. Bxb7 Rxb7 20. Rb5 a6 21.
Rb3 e5 22. Rfb1 e4 23. g4 Re7 24. Ng3 fxg4 25. Nxe4 b5 26. cxb5 axb5 27. Rxb5
Rxf4 28. Nxd6 Re2 29. R1b2 Re1+ 30. Kg2 Rff1 31. Nf5 Rg1+ 32. Kf2 Ref1+ 33. Ke2
Rf3 34. Nxg7 Rg2+ 35. Ke1 Rg1+ 36. Ke2 Kxg7 37. Rb7+ Kg6 38. R7b6+ Rf6 39.
Rxf6+ Kxf6 40. Kf2 Rd1 1/2-1/2

[Event "Kuressaare 2001"]
[Site "?"]
[Date "2001.??.??"]
[Round "?"]
[White "Kuldkepp, Meelis"]
[Black "Ueksti, Enn"]
[Result "1/2-1/2"]
[WhiteElo "1946"]
[BlackElo "2202"]
[PlyCount "38"]

1. c4 e5 2. Nc3 Nf6 3. g3 d5 4. cxd5 Nxd5 5. Bg2 Ne7 6. Nf3 Nbc6 7. O-O Nf5 8.
d3 Be7 9. e4 Nfd4 10. Nxd4 Nxd4 11. Nd5 Be6 12. Nxe7 Qxe7 13. f4 O-O-O 14. Be3
f6 15. Rf2 Kb8 16. b3 Rd7 17. Rc1 h5 18. h3 Qd6 19. Bf1 c5 1/2-1/2

[Event "Kuressaare 2001"]
[Site "?"]
[Date "2001.??.??"]
[Round "?"]
[White "Kortshagin, Oleg"]
[Black "Kestlane, Harry"]
[Result "1-0"]
[WhiteElo "2202"]
[BlackElo "1987"]
[PlyCount "64"]

1. d4 Nf6 2. c4 e6 3. Nf3 Bb4+ 4. Bd2 Qe7 5. a3 Bxd2+ 6. Nbxd2 d6 7. g3 Nc6 8.
Bg2 e5 9. d5 Nb8 10. e4 O-O 11. Qc2 Ne8 12. Nh4 g6 13. O-O a5 14. b3 Na6 15.
Rab1 Ng7 16. Rfc1 f5 17. b4 fxe4 18. Bxe4 Qf6 19. Nf1 Bf5 20. Nxf5 Nxf5 21.
Bxf5 Qxf5 22. Rb2 Qxc2 23. Rcxc2 axb4 24. axb4 b6 25. Nd2 h6 26. Ne4 Rf3 27.
Ra2 Rff8 28. Rcb2 Nxb4 29. Rxa8 Rxa8 30. Rxb4 Ra1+ 31. Kg2 Rc1 32. Ra4 Kf7 1-0

[Event "Kuressaare 2001"]
[Site "?"]
[Date "2001.??.??"]
[Round "?"]
[White "Lember, Leino"]
[Black "Lelumees, Brait"]
[Result "0-1"]
[WhiteElo "1931"]
[BlackElo "2144"]
[PlyCount "80"]

1. e4 c5 2. Nc3 Nc6 3. g3 g6 4. Bg2 Bg7 5. Nge2 e5 6. d3 Nge7 7. O-O d6 8. Be3
O-O 9. Qd2 Nd4 10. Nd1 Rb8 11. c3 Nxe2+ 12. Qxe2 f5 13. f4 exf4 14. gxf4 b5 15.
e5 Bb7 16. d4 c4 17. Bxb7 Rxb7 18. Qf3 d5 19. a3 Nc6 20. Nf2 Qd7 21. Nh1 Nd8
22. Ng3 Ne6 23. Rf2 a5 24. h4 b4 25. axb4 axb4 26. Ra6 Nc7 27. Rd6 Qf7 28. h5
bxc3 29. bxc3 Ra8 30. hxg6 hxg6 31. Nf1 Nb5 32. Rxd5 Nxc3 33. Rd6 Ne4 34. e6
Qe8 35. Rd7 Rxd7 36. exd7 Qxd7 37. Rg2 Kf7 38. Ng3 Ra1+ 39. Kh2 Qd8 40. Nxf5
Qh8+ 0-1

[Event "Kuressaare 2001"]
[Site "?"]
[Date "2001.??.??"]
[Round "?"]
[White "Pietarinen, Petri"]
[Black "Kallas, Martin"]
[Result "1-0"]
[WhiteElo "2164"]
[BlackElo "1963"]
[PlyCount "47"]

1. e4 c6 2. d4 d5 3. exd5 cxd5 4. c4 Nf6 5. Nc3 e6 6. Nf3 Nc6 7. cxd5 Nxd5 8.
Bd3 Bb4 9. Bd2 O-O 10. O-O Qb6 11. Na4 Qa5 12. Bxb4 Ndxb4 13. Be4 Rd8 14. a3
Nd5 15. b4 Qc7 16. Qc2 Nb6 17. Bxh7+ Kh8 18. Nxb6 Qxb6 19. Ne5 Nxe5 20. dxe5 g6
21. Bxg6 fxg6 22. Qxg6 Qd4 23. Qh5+ Kg7 24. Rad1 1-0

[Event "Kuressaare 2001"]
[Site "?"]
[Date "2001.??.??"]
[Round "?"]
[White "Kortshagin, Oleg"]
[Black "Kuelaots, Kaido"]
[Result "0-1"]
[WhiteElo "2202"]
[BlackElo "2532"]
[PlyCount "76"]

1. d4 Nf6 2. c4 g6 3. Nc3 Bg7 4. e4 O-O 5. Nf3 d6 6. Be2 Na6 7. O-O e5 8. Be3
Ng4 9. Bg5 Qe8 10. h3 h6 11. Bc1 Nf6 12. Be3 exd4 13. Nxd4 Nxe4 14. Nxe4 Qxe4
15. Bf3 Qh4 16. Qd2 c6 17. Rfd1 Nc5 18. b4 Nd7 19. Rac1 Ne5 20. Be2 Re8 21. a4
a6 22. Nf3 Qe4 23. Nh2 d5 24. cxd5 cxd5 25. Bf1 Be6 26. Re1 Qh4 27. Rc7 Nc4 28.
Bxc4 dxc4 29. Nf3 Qh5 30. Rc5 Rad8 31. Qc1 g5 32. Nd2 Bf8 33. Rc7 Bxb4 34. Rxb7
a5 35. Ne4 Qg6 36. Nc3 Rd3 37. Rxb4 axb4 38. Nb5 Red8 0-1

[Event "Kuressaare 2001"]
[Site "?"]
[Date "2001.??.??"]
[Round "?"]
[White "Lelumees, Brait"]
[Black "Kaerner, Hillar"]
[Result "0-1"]
[WhiteElo "2144"]
[BlackElo "2295"]
[PlyCount "134"]

1. e4 c5 2. b3 d6 3. Bb2 Nc6 4. Nc3 a6 5. Nf3 Nf6 6. d4 Bg4 7. d5 Nd4 8. Be2
Bxf3 9. Bxf3 g6 10. Qd2 Bg7 11. O-O-O O-O 12. Ne2 Nxe2+ 13. Qxe2 Qa5 14. Kb1
Qb5 15. Qxb5 axb5 16. e5 Nd7 17. exd6 exd6 18. Bg4 Nf6 19. Bf3 b4 20. Rhe1 Ra7
21. c4 bxc3 22. Bxc3 Rfa8 23. Re2 Nd7 24. Bxg7 Kxg7 25. Rc2 b5 26. Be2 Rb8 27.
Kc1 Nf6 28. Bf3 Re7 29. Rdd2 b4 30. Kb2 Rbe8 31. a4 bxa3+ 32. Kxa3 Re1 33. Kb2
g5 34. h3 h5 35. Rc4 Kg6 36. Kc2 Ra8 37. Ra4 Ra1 38. Rxa8 Rxa8 39. Kd3 Nd7 40.
Kc3 Ne5 41. Be2 f5 42. Bd3 Kf6 43. Be2 h4 44. Rb2 Ra3 45. Kc2 Ng6 46. g3 hxg3
47. fxg3 f4 48. g4 Ne7 49. Bf3 c4 50. Kc3 Rxb3+ 51. Rxb3 cxb3 52. Kxb3 Ke5 53.
Kc4 Ng6 54. Kd3 Nf8 55. Be4 Nd7 56. Bf3 Nb6 57. Ke2 Nxd5 58. Kd3 Ne7 59. Be4 d5
60. Bh7 Nc6 61. Bg8 Nb4+ 62. Ke2 Nc2 63. h4 gxh4 64. g5 h3 65. Kf2 Ne3 66. g6
h2 67. Bxd5 Nxd5 0-1

[Event "Kuressaare 2001"]
[Site "?"]
[Date "2001.??.??"]
[Round "?"]
[White "Sepp, Olav"]
[Black "Pietarinen, Petri"]
[Result "1/2-1/2"]
[WhiteElo "2445"]
[BlackElo "2164"]
[PlyCount "56"]

1. e4 e6 2. d4 d5 3. e5 c5 4. c3 Nc6 5. Nf3 Qb6 6. Be2 cxd4 7. cxd4 Nh6 8. Nc3
Nf5 9. Na4 Qa5+ 10. Bd2 Bb4 11. Bc3 Bxc3+ 12. Nxc3 Qb6 13. Bb5 Bd7 14. Bxc6
Bxc6 15. Qd2 Bb5 16. Rc1 O-O 17. Nxb5 Qxb5 18. Rc5 Qa6 19. Ra5 Qc4 20. b3 Qc6
21. Rc5 Qa6 22. Qe2 Qa3 23. Qc2 b6 24. Rc7 Qb4+ 25. Qc3 Qxc3+ 26. Rxc3 Rfc8 27.
Kd2 Rxc3 28. Kxc3 Rc8+ 1/2-1/2

[Event "Kuressaare 2001"]
[Site "?"]
[Date "2001.??.??"]
[Round "?"]
[White "Mueuetnik, Valdo"]
[Black "Kool, Lauri"]
[Result "1-0"]
[WhiteElo "2219"]
[BlackElo "1936"]
[PlyCount "77"]

1. d4 e6 2. c4 Nf6 3. Nc3 Bb4 4. e3 d5 5. Bd3 Nbd7 6. Nf3 Bxc3+ 7. bxc3 c5 8.
O-O O-O 9. Bb2 dxc4 10. Bxc4 Qc7 11. Be2 b6 12. c4 Bb7 13. Qb3 Ng4 14. d5 exd5
15. cxd5 Ndf6 16. Rad1 Rad8 17. Bc4 b5 18. Qxb5 Nxd5 19. h3 Nb4 20. hxg4 Ba6
21. Be5 Bxb5 22. Bxc7 Rxd1 23. Rxd1 Bxc4 24. Rc1 Bxa2 25. Rxc5 Na6 26. Ra5 Bc4
27. Be5 f6 28. Bd4 Ra8 29. g5 fxg5 30. Rxg5 g6 31. Ra5 Nb4 32. Ne5 Be6 33. Bxa7
Kg7 34. Nd3 Nc6 35. Bd4+ Nxd4 36. Rxa8 Ne2+ 37. Kh2 Bf5 38. Ne5 Nc3 39. f4 1-0

[Event "Kuressaare 2001"]
[Site "?"]
[Date "2001.??.??"]
[Round "?"]
[White "Kanep, Meelis"]
[Black "Kuldkepp, Meelis"]
[Result "1-0"]
[WhiteElo "2355"]
[BlackElo "1946"]
[PlyCount "53"]

1. d4 d5 2. c4 dxc4 3. e4 Nf6 4. e5 Nd5 5. Bxc4 c6 6. Nc3 e6 7. Nf3 Be7 8. O-O
O-O 9. Qe2 Nd7 10. Rd1 a6 11. Ne4 b5 12. Bd3 c5 13. dxc5 Nxc5 14. Nxc5 Bxc5 15.
Bxh7+ Kh8 16. Bc2 g6 17. Bh6 Re8 18. Ng5 Qc7 19. Rac1 Bb7 20. Be4 Qe7 21. Qf3
Kg8 22. Rxc5 Rad8 23. Rcc1 Nf4 24. Qxf4 Rxd1+ 25. Rxd1 Bd5 26. Bxd5 exd5 27.
Rxd5 1-0

[Event "Kuressaare 2001"]
[Site "?"]
[Date "2001.??.??"]
[Round "?"]
[White "Ueksti, Enn"]
[Black "Lauk, Uelar"]
[Result "0-1"]
[WhiteElo "2202"]
[BlackElo "2381"]
[PlyCount "74"]

1. c4 e5 2. g3 Nf6 3. Bg2 c6 4. Nf3 d6 5. O-O Bg4 6. Nc3 Nbd7 7. d4 Be7 8. h3
Bh5 9. Nh4 O-O 10. Nf5 Re8 11. Nxe7+ Qxe7 12. Bg5 h6 13. Bxf6 Nxf6 14. Qd2 e4
15. e3 a6 16. Rae1 Qe6 17. g4 Bg6 18. d5 cxd5 19. cxd5 Qe5 20. f4 exf3 21. Bxf3
Rac8 22. Qh2 Qxh2+ 23. Kxh2 Nd7 24. Kg3 Ne5 25. Nd1 Nd3 26. Re2 Nc1 27. Rd2
Nxa2 28. Kf2 Nb4 29. Be2 Re5 30. Bf3 Nd3+ 31. Kg3 Rc1 32. Be2 Nc5 33. Bf3 Nb3
34. Rdf2 Bd3 35. Re1 Nc5 36. b4 Ne4+ 37. Bxe4 Bxe4 0-1

[Event "Kuressaare 2001"]
[Site "?"]
[Date "2001.??.??"]
[Round "?"]
[White "Kuusk, Andres"]
[Black "Moelderkivi, Rain"]
[Result "1/2-1/2"]
[WhiteElo "2126"]
[BlackElo "2084"]
[PlyCount "92"]

1. e4 c5 2. Nf3 d6 3. d4 cxd4 4. Nxd4 Nf6 5. Nc3 g6 6. Be3 Bg7 7. f3 O-O 8. Qd2
Nc6 9. Bc4 Bd7 10. O-O-O Ne5 11. Bb3 Qa5 12. Bh6 Rfc8 13. Bxg7 Kxg7 14. f4 Nc4
15. Qd3 b5 16. Nd5 Nxd5 17. exd5 Qd8 18. h4 a5 19. h5 a4 20. hxg6 hxg6 21. Bxc4
bxc4 22. Qg3 a3 23. bxa3 Qa5 24. Rde1 Qxd5 25. Qc3 e5 26. fxe5 dxe5 27. Nf3 Qa5
28. Qxe5+ Qxe5 29. Nxe5 Be6 30. c3 Rxa3 31. Kb2 Ra5 32. Re2 Bf5 33. Ka1 Rb5 34.
Ree1 Rd5 35. Re2 Rb5 36. Ree1 Rbc5 37. Nf3 Ra8 38. Re5 Rc7 39. Rb5 Be4 40. Re1
Bxf3 41. gxf3 Rd7 42. Re3 Rd2 43. Rb2 Rd1+ 44. Rb1 Rd2 45. Rb2 Rd1+ 46. Rb1 Rd2
1/2-1/2

[Event "Kuressaare 2001"]
[Site "?"]
[Date "2001.??.??"]
[Round "?"]
[White "Keskel, Marko"]
[Black "Vaerk, Priit"]
[Result "1/2-1/2"]
[WhiteElo "2131"]
[BlackElo "2044"]
[PlyCount "31"]

1. e4 d6 2. d4 Nf6 3. Bd3 e5 4. c3 g6 5. f4 Nc6 6. d5 Ne7 7. fxe5 dxe5 8. Nf3
Bg4 9. h3 Bxf3 10. Qxf3 Bg7 11. O-O h6 12. Be3 O-O 13. Nd2 Nh7 14. Nb3 b6 15.
Rad1 f5 16. Qe2 1/2-1/2

[Event "Kuressaare 2001"]
[Site "?"]
[Date "2001.??.??"]
[Round "?"]
[White "Kestlane, Harry"]
[Black "Kuusk, Indrek"]
[Result "0-1"]
[WhiteElo "1987"]
[BlackElo "2126"]
[PlyCount "94"]

1. e4 e6 2. d4 d5 3. Nc3 Bb4 4. e5 c5 5. a3 Bxc3+ 6. bxc3 Ne7 7. Nf3 Nbc6 8. h4
Qc7 9. Bd3 cxd4 10. cxd4 Bd7 11. O-O Na5 12. Re1 Rc8 13. h5 h6 14. Ra2 O-O 15.
Bd2 f5 16. exf6 Rxf6 17. Ne5 Be8 18. Ng4 Rf7 19. Rxe6 Nac6 20. c3 Bd7 21. Re1
Rcf8 22. Bc1 Qa5 23. Ne5 Nxe5 24. dxe5 Ba4 25. Bc2 Rxf2 26. Qd3 Bxc2 27. Rxc2
Rxc2 28. Qxc2 Qc5+ 29. Be3 Qxa3 30. Rf1 Rxf1+ 31. Kxf1 Qa6+ 32. Ke1 Qe6 33. Bd4
Nc6 34. Qe2 a6 35. Kd1 Na5 36. Qf3 Nc4 37. Qf4 a5 38. g4 a4 39. Kc2 Qe8 40. Qc1
Qd7 41. Qh1 Kh8 42. Qf3 a3 43. Qf8+ Kh7 44. Kb3 Qxg4 45. e6 Qd1+ 46. Kb4 Qb1+
47. Kc5 Qb6+ 0-1

[Event "Kuressaare 2001"]
[Site "?"]
[Date "2001.??.??"]
[Round "?"]
[White "Kilumets, Rain"]
[Black "Kallas, Martin"]
[Result "1/2-1/2"]
[WhiteElo "2050"]
[BlackElo "1963"]
[PlyCount "22"]

1. d4 Nf6 2. g3 d5 3. Bg2 e6 4. Nf3 c5 5. c3 Nc6 6. O-O cxd4 7. cxd4 Bd6 8. Nc3
a6 9. Bg5 h6 10. Bxf6 Qxf6 11. e4 Bb4 1/2-1/2

[Event "Kuressaare 2001"]
[Site "?"]
[Date "2001.??.??"]
[Round "?"]
[White "Kuelaots, Kaido"]
[Black "Mueuetnik, Valdo"]
[Result "1-0"]
[WhiteElo "2532"]
[BlackElo "2219"]
[PlyCount "91"]

1. e4 c5 2. Nf3 Nc6 3. d4 cxd4 4. Nxd4 Nf6 5. Nc3 e5 6. Ndb5 d6 7. Bg5 a6 8.
Na3 b5 9. Bxf6 gxf6 10. Nd5 Bg7 11. Bd3 Ne7 12. Nxe7 Qxe7 13. O-O O-O 14. c3 f5
15. exf5 e4 16. Re1 d5 17. Nc2 Bxf5 18. Bf1 Qb7 19. Qd2 Rfe8 20. Nd4 Bd7 21.
Rad1 Qb6 22. Qe3 Bh6 23. Qg3+ Kh8 24. Nc2 Be6 25. Qh4 Bg7 26. Rd2 Qd8 27. Qh5
Qf6 28. Ne3 Qh6 29. Qd1 Red8 30. Nxd5 Qg5 31. Nf4 Bg4 32. Rxd8+ Rxd8 33. Qc1
Bf5 34. Rd1 Be5 35. Ng6+ Qxg6 36. Rxd8+ Kg7 37. g3 h6 38. Qd2 Be6 39. b3 Qf6
40. c4 Bc3 41. Qd6 Be1 42. Qf8+ Kg6 43. Qg8+ Kf5 44. Rd1 Bb4 45. Bh3+ Ke5 46.
Qb8+ 1-0

[Event "Kuressaare 2001"]
[Site "?"]
[Date "2001.??.??"]
[Round "?"]
[White "Kaerner, Hillar"]
[Black "Sepp, Olav"]
[Result "1/2-1/2"]
[WhiteElo "2295"]
[BlackElo "2445"]
[PlyCount "98"]

1. e4 e5 2. Nf3 Nc6 3. Bb5 Nf6 4. O-O Nxe4 5. d4 Nd6 6. Bxc6 dxc6 7. dxe5 Nf5
8. Qxd8+ Kxd8 9. Nc3 Ke8 10. Ne2 Ne7 11. h3 Ng6 12. Ned4 Be7 13. Re1 c5 14. Nb5
Kd7 15. Bg5 Bxg5 16. Nxg5 Kc6 17. Nc3 Re8 18. Nf3 Bf5 19. Rac1 Rad8 20. g4 Be6
21. Kh2 b5 22. Kg3 b4 23. Ne4 Bd5 24. c4 Bxe4 25. Rxe4 f6 26. e6 Rd3 27. Kg2
Rd6 28. Rce1 Rexe6 29. h4 Rxe4 30. Rxe4 Kd7 31. h5 Nf8 32. Re2 Ne6 33. Rd2 Nf4+
34. Kg3 Rxd2 35. Nxd2 Nd3 36. b3 Ke6 37. Kf3 Nc1 38. Ne4 Nxa2 39. Nxc5+ Kd6 40.
Ne4+ Ke5 41. Ke3 a5 42. f4+ Ke6 43. Kd4 g6 44. hxg6 hxg6 45. Nc5+ Kd6 46. Ne4+
Ke7 47. Kc5 Nc3 48. Nf2 Ke6 49. Nd3 Kd7 1/2-1/2

[Event "Kuressaare 2001"]
[Site "?"]
[Date "2001.??.??"]
[Round "?"]
[White "Pietarinen, Petri"]
[Black "Kortshagin, Oleg"]
[Result "0-1"]
[WhiteElo "2164"]
[BlackElo "2202"]
[PlyCount "78"]

1. e4 e5 2. Nf3 Nc6 3. Bb5 a6 4. Ba4 Nf6 5. O-O Nxe4 6. d4 b5 7. Bb3 d5 8. dxe5
Be6 9. c3 Bc5 10. Nbd2 O-O 11. Bc2 Nxf2 12. Rxf2 f6 13. exf6 Bxf2+ 14. Kxf2
Qxf6 15. Nb3 Ne5 16. Nbd4 Bg4 17. h3 Qh4+ 18. Kg1 Bxf3 19. Nxf3 Nxf3+ 20. gxf3
Qg3+ 21. Kh1 Qxh3+ 22. Kg1 Qg3+ 23. Kh1 Qxf3+ 24. Qxf3 Rxf3 25. Bg5 Rf2 26. Bb3
c6 27. Re1 Raf8 28. Be3 Rf1+ 29. Rxf1 Rxf1+ 30. Kg2 Rb1 31. Kf3 Rxb2 32. Bd4
Rd2 33. Be5 Kf7 34. Ke3 Rg2 35. Kf3 Rg1 36. Bc2 g6 37. a4 Ke6 38. Bd4 Rc1 39.
Bb3 c5 0-1

[Event "Kuressaare 2001"]
[Site "?"]
[Date "2001.??.??"]
[Round "?"]
[White "Moelderkivi, Rain"]
[Black "Lelumees, Brait"]
[Result "1-0"]
[WhiteElo "2084"]
[BlackElo "2144"]
[PlyCount "85"]

1. e4 c5 2. c4 Nc6 3. g3 g6 4. Bg2 Bg7 5. Ne2 e5 6. O-O Nge7 7. d3 a6 8. Nbc3
Rb8 9. f4 O-O 10. f5 f6 11. fxg6 hxg6 12. Nd5 b5 13. Nec3 d6 14. Nxe7+ Nxe7 15.
Nd5 Be6 16. Qe2 Qd7 17. Be3 Kf7 18. b3 Rh8 19. Rf2 Bxd5 20. cxd5 Bh6 21. h4
Rbf8 22. a4 Bxe3 23. Qxe3 Nc8 24. Qd2 Qb7 25. Bh3 Nb6 26. Qg5 Kg7 27. Qg4 Rf7
28. Qe6 Qc7 29. axb5 axb5 30. Ra6 Rb8 31. Qg4 c4 32. bxc4 bxc4 33. h5 g5 34.
Qf5 Kf8 35. Qg6 cxd3 36. Ra1 Rb7 37. Be6 Qc3 38. Raf1 d2 39. Kh2 Qd3 40. Bxf7
Rxf7 41. h6 d1=Q 42. Rxd1 Qxd1 43. h7 1-0

[Event "Kuressaare 2001"]
[Site "?"]
[Date "2001.??.??"]
[Round "?"]
[White "Kuusk, Indrek"]
[Black "Lember, Leino"]
[Result "1-0"]
[WhiteElo "2126"]
[BlackElo "1931"]
[PlyCount "63"]

1. d4 Nf6 2. c4 e6 3. Nf3 c5 4. d5 exd5 5. cxd5 d6 6. Nc3 g6 7. e4 Bg7 8. h3
Na6 9. Bd3 O-O 10. O-O Nc7 11. Re1 a6 12. a4 Rb8 13. a5 b5 14. axb6 Rxb6 15.
Nd2 Nh5 16. Nc4 Rb8 17. g4 Nf6 18. Bf4 Nfe8 19. Qf3 Nb5 20. Qg3 Nxc3 21. bxc3
Bxc3 22. Rab1 Rxb1 23. Rxb1 f5 24. gxf5 Qf6 25. Nxd6 Nxd6 26. Bxd6 Re8 27. Bxc5
Kh8 28. Rb6 Qf7 29. fxg6 hxg6 30. Rxg6 Qh7 31. Be3 Be5 32. f4 1-0

[Event "Kuressaare 2001"]
[Site "?"]
[Date "2001.??.??"]
[Round "?"]
[White "Kool, Lauri"]
[Black "Kuusk, Andres"]
[Result "0-1"]
[WhiteElo "1936"]
[BlackElo "2103"]
[PlyCount "66"]

1. e4 e5 2. Nf3 Nc6 3. Bb5 a6 4. Ba4 Nf6 5. O-O b5 6. Bb3 Be7 7. Re1 d6 8. h3
O-O 9. c3 Na5 10. Bc2 c5 11. d4 Qc7 12. d5 Ne8 13. Nbd2 g6 14. b4 Nc4 15. Nxc4
bxc4 16. bxc5 Qxc5 17. Qe2 a5 18. Be3 Qc7 19. Rab1 Bd7 20. Bb6 Qc8 21. Nd2 Bg5
22. Nxc4 f5 23. Bxa5 Qa6 24. Bd3 Bb5 25. a4 Bxc4 26. Bxc4 Qxa5 27. exf5 Rxf5
28. Rb7 Qxa4 29. Bb5 Qf4 30. Bd7 Rf8 31. Be6+ Kh8 32. h4 Bxh4 33. Rf1 Bxf2+ 0-1

[Event "Kuressaare 2001"]
[Site "?"]
[Date "2001.??.??"]
[Round "?"]
[White "Vaerk, Priit"]
[Black "Ueksti, Enn"]
[Result "1/2-1/2"]
[WhiteElo "2044"]
[BlackElo "2202"]
[PlyCount "35"]

1. e4 e6 2. d4 d5 3. Nd2 c5 4. exd5 exd5 5. Bb5+ Bd7 6. Qe2+ Be7 7. dxc5 Nf6 8.
Ngf3 O-O 9. O-O Bxc5 10. Nb3 Re8 11. Qd3 Be7 12. Bxd7 Nbxd7 13. Bf4 b6 14. Nfd4
Rc8 15. Rfe1 Rc4 16. c3 Nc5 17. Nxc5 Rxc5 18. Nf5 1/2-1/2

[Event "Kuressaare 2001"]
[Site "?"]
[Date "2001.??.??"]
[Round "?"]
[White "Kallas, Martin"]
[Black "Keskel, Marko"]
[Result "0-1"]
[WhiteElo "1963"]
[BlackElo "2131"]
[PlyCount "58"]

1. d4 Nf6 2. c4 e6 3. Nf3 Bb4+ 4. Bd2 c5 5. e3 O-O 6. Nc3 d6 7. Qc2 Nc6 8. a3
Bxc3 9. Bxc3 Re8 10. Be2 e5 11. dxe5 dxe5 12. O-O Bg4 13. Rad1 Qc7 14. Ng5 Bxe2
15. Qxe2 h6 16. Nf3 Ne4 17. Qc2 Nxc3 18. Qxc3 e4 19. Nd2 Rad8 20. Nb3 Ne5 21.
h3 Rd6 22. Nc1 Rg6 23. g3 Qc8 24. Kg2 Qf5 25. Rd5 Qf3+ 26. Kh2 Rg5 27. Rxe5
Rexe5 28. Qe1 Rh5 29. h4 Rxh4+ 0-1

[Event "Kuressaare 2001"]
[Site "?"]
[Date "2001.??.??"]
[Round "?"]
[White "Kuldkepp, Meelis"]
[Black "Kilumets, Rain"]
[Result "1-0"]
[WhiteElo "1946"]
[BlackElo "2050"]
[PlyCount "115"]

1. c4 Nf6 2. Nc3 g6 3. g3 Bg7 4. Bg2 O-O 5. Nf3 d6 6. O-O e5 7. d3 Nc6 8. Bg5
h6 9. Bd2 Be6 10. Rb1 Qd7 11. Qc1 Kh7 12. Rd1 Ng4 13. h3 Nf6 14. Kh2 Ng8 15. b4
f5 16. Ng1 Rab8 17. b5 Nce7 18. Qa3 d5 19. cxd5 Nxd5 20. Qxa7 f4 21. Qc5 Nge7
22. a4 b6 23. Qa3 Nxc3 24. Bxc3 Nd5 25. Bd2 Rf7 26. Nf3 Rbf8 27. Qc1 g5 28. Qc6
g4 29. Qxd7 Rxd7 30. hxg4 Bxg4 31. Rbc1 fxg3+ 32. fxg3 Ne7 33. Bb4 Rf5 34. Rc4
Rh5+ 35. Kg1 Be6 36. Rh4 Rxh4 37. Nxh4 Nd5 38. Bd2 Nf6 39. Bc3 Nd5 40. Be4+ Kg8
41. Bd2 Nf6 42. Bc6 Rd8 43. a5 bxa5 44. Bxa5 e4 45. Bxc7 Ng4 46. Bxd8 Bd4+ 47.
e3 Nxe3 48. Rc1 exd3 49. Bf3 d2 50. Rc6 Bd5 51. Rg6+ Kh7 52. Ba5 Ng4+ 53. Kf1
Bc4+ 54. Kg2 Ne3+ 55. Kh1 Bd5 56. Bxd2 Bxf3+ 57. Nxf3 Kxg6 58. Nxd4 1-0

[Event "Kuressaare 2001"]
[Site "?"]
[Date "2001.??.??"]
[Round "?"]
[White "Kaerner, Hillar"]
[Black "Kuelaots, Kaido"]
[Result "1/2-1/2"]
[WhiteElo "2295"]
[BlackElo "2532"]
[PlyCount "34"]

1. e4 c5 2. Nf3 d6 3. d4 cxd4 4. Nxd4 Nf6 5. Nc3 a6 6. Be2 e5 7. Nb3 Be7 8. O-O
O-O 9. a4 Nc6 10. Bg5 Nb4 11. a5 Be6 12. Bxf6 Bxf6 13. Ra4 Nc6 14. Nd5 Bg5 15.
c3 Kh8 16. Bc4 Rb8 17. Qe2 f5 1/2-1/2